Top 10 Greatest NBA Players at Every Position - Statistics

General Stats
  • This quiz has been taken 103 times
  • The average score is 33 of 50
Answer Stats
Position Answer % Correct
SG 1 Michael Jordan
100%
SF 1 LeBron James
97%
PG 1 Magic Johnson
97%
PG 2 Stephen Curry
97%
SG 2 Kobe Bryant
96%
C 3 Shaquille O'Neal
94%
SG 4 Jerry West
92%
SF 2 Larry Bird
92%
C 5 Hakeem Olajuwon
89%
C 1 Kareem Abdul-Jabbar
89%
PF 1 Tim Duncan
86%
C 2 Wilt Chamberlain
86%
SF 3 Kevin Durant
84%
SG 9 James Harden
81%
C 4 Bill Russell
78%
PF 2 Dirk Nowitzki
77%
PG 5 John Stockton
77%
PG 10 Russell Westbrook
75%
PG 4 Steve Nash
75%
SG 3 Dwyane Wade
73%
C 7 David Robinson
72%
PG 6 Jason Kidd
72%
SF 5 Scottie Pippen
72%
SG 6 Allen Iverson
71%
PG 3 Oscar Robertson
70%
PF 3 Karl Malone
68%
PF 4 Kevin Garnett
68%
C 6 Moses Malone
68%
PG 9 Chris Paul
65%
SF 4 Julius Erving
65%
PG 8 Isiah Thomas
61%
PF 5 Charles Barkley
58%
C 9 Patrick Ewing
54%
SG 7 Clyde Drexler
53%
SF 6 Elgin Baylor
52%
SG 5 John Havlicek
49%
PF 10 Dennis Rodman
48%
SF 7 Dominique Wilkins
46%
PG 7 Gary Payton
46%
PF 8 Kevin McHale
44%
PF 7 Bob Pettit
42%
PF 9 Elvin Hayes
41%
SF 10 James Worthy
41%
SG 10 George Gervin
38%
SF 9 Kawhi Leonard
37%
SF 8 Paul Pierce
37%
C 8 George Mikan
34%
PF 6 Pau Gasol
32%
C 10 Willis Reed
29%
SG 8 Pete Maravich
16%
No matching quizzes found
Score Distribution
Percent of People with Each Score
Percentile by Number Answered
Your Score History
You have not taken this quiz